LEADER 01663nas 2200385 n 450 001 990008904250403321 005 20240229084308.0 035 $a000890425 035 $aFED01000890425 035 $a(Aleph)000890425FED01 035 $a000890425 091 $2CNR$aP 00157011 100 $a20090724a19899999km-y0itaa50------ba 101 0 $aita 102 $aIT 110 $aauu-------- 200 1 $aAnnuario ISTAT. Statistiche delle scuole secondarie superiori 207 1$a1989- 210 $aRoma$cISTAT 326 $aAnnuale 443 0$1001000906091$12001$aStatistiche dell'istruzione 530 0 $aAnnuario ISTAT. Statistiche delle scuole secondarie superiori 675 $a31 675 $a37 712 02$aIstat 801 0$aIT$bACNP$c20090723 859 4 $uhttp://acnp.cib.unibo.it/cgi-ser/start/it/cnr/dc-p1.tcl?catno=917871&person=false&language=ITALIANO&libr=&libr_th=unina1$zBiblioteche che possiedono il periodico 901 $aSE 912 $a990008904250403321 958 $aBiblioteca. Dipartimento di Pianificazione e Scienza del Territorio della Federico II di Napoli$b1989-$fDINST 959 $aDINST 996 $aAnnuario ISTAT. Statistiche delle scuole secondarie superiori$9800618 997 $aUNINA AP1 8 $6866-01$aNA102 Biblioteca. Dipartimento di Pianificazione e Scienza del Territorio dell'Università Federico II di Napoli (Sez. di Ortopedia)$ep.le Tecchio,80, Napoli (NA)$m(081) 7682318$m(081) 7682309$nit AP2 40$aacnp.cib.unibo.it$nACNP Italian Union Catalogue of Serials$uhttp://acnp.cib.unibo.it/cgi-ser/start/it/cnr/df-p.tcl?catno=917871&language=ITALIANO&libr=&person=&B=1&libr_th=unina&proposto=NO LEADER 03609nam 22008295 450 001 9910483967403321 005 20251226200338.0 010 $a3-319-11421-2 024 7 $a10.1007/978-3-319-11421-7 035 $a(CKB)3710000000249765 035 $a(SSID)ssj0001354080 035 $a(PQKBManifestationID)11906043 035 $a(PQKBTitleCode)TC0001354080 035 $a(PQKBWorkID)11335496 035 $a(PQKB)10989856 035 $a(DE-He213)978-3-319-11421-7 035 $a(MiAaPQ)EBC5596234 035 $a(PPN)181351927 035 $a(EXLCZ)993710000000249765 100 $a20140924d2014 u| 0 101 0 $aeng 135 $aurnn|008mamaa 181 $ctxt 182 $cc 183 $acr 200 10$aComputational Logistics $e5th International Conference, ICCL 2014, Valparaíso, Chile, September 24-26, 2014, Proceedings /$fedited by Rosa G. González-Ramírez, Frederik Schulte, Stefan Voß, Jose A. Ceroni Díaz 205 $a1st ed. 2014. 210 1$aCham :$cSpringer International Publishing :$cImprint: Springer,$d2014. 215 $a1 online resource (XIV, 179 p. 38 illus.) 225 1 $aTheoretical Computer Science and General Issues,$x2512-2029 ;$v8760 300 $aBibliographic Level Mode of Issuance: Monograph 311 08$a3-319-11420-4 320 $aIncludes bibliographical references and index. 327 $aOptimization of transport problems -- Container terminal applications -- Simulation and environmental sustainability applications. 330 $aThis book constitutes the refereed proceedings of the 5th International Conference on Computational Logistics, ICCL 2014, held in Valparaiso, Chile, in September 2014. The 11 papers presented in this volume were carefully reviewed and selected for inclusion in the book. They are organized in topical sections entitled: optimization of transport problems; container terminal applications; simulation and environmental sustainability applications. 410 0$aTheoretical Computer Science and General Issues,$x2512-2029 ;$v8760 606 $aAlgorithms 606 $aApplication software 606 $aSoftware engineering 606 $aArtificial intelligence 606 $aComputer simulation 606 $aInformation technology$xManagement 606 $aAlgorithms 606 $aComputer and Information Systems Applications 606 $aSoftware Engineering 606 $aArtificial Intelligence 606 $aComputer Modelling 606 $aComputer Application in Administrative Data Processing 615 0$aAlgorithms. 615 0$aApplication software. 615 0$aSoftware engineering. 615 0$aArtificial intelligence. 615 0$aComputer simulation. 615 0$aInformation technology$xManagement. 615 14$aAlgorithms. 615 24$aComputer and Information Systems Applications. 615 24$aSoftware Engineering. 615 24$aArtificial Intelligence. 615 24$aComputer Modelling. 615 24$aComputer Application in Administrative Data Processing. 676 $a658.50285 702 $aGonzález-Ramírez$b Rosa G$4edt$4http://id.loc.gov/vocabulary/relators/edt 702 $aSchulte$b Frederik$4edt$4http://id.loc.gov/vocabulary/relators/edt 702 $aVoß$b Stefan$4edt$4http://id.loc.gov/vocabulary/relators/edt 702 $aCeroni Díaz$b Jose A$4edt$4http://id.loc.gov/vocabulary/relators/edt 801 0$bMiAaPQ 801 1$bMiAaPQ 801 2$bMiAaPQ 906 $aBOOK 912 $a9910483967403321 996 $aComputational Logistics$92915811 997 $aUNINA